قراءة النجوم والحظ والطالع بين الحقيقة والخرافة / (Record no. 337)
[ view plain ]
| 000 -الفاتح | |
|---|---|
| عناصر البيانات ثابتة الطول | 00638cam a2200169 i 4500 |
| 005 - تاريخ ووقت آخر معاملة | |
| حقل ضبط | 20251108163338.0 |
| 008 - عناصر البيانات ثابتة الطول | |
| عناصر البيانات ثابتة الطول | 250721n ua gr 000 0 ara d |
| 020 ## - الترقيم الدولي المعياري للكتب (ردمك) | |
| الترقيم الدولي المعياري للكتب (ردمك) | 977134224 |
| 082 14 - رقم تصنيف ديوي العشري | |
| رقم التصنيف | 133.5 |
| رقم المادة | م ج د |
| 100 1# - مدخل رئيسي – اسم شخصي | |
| الاسم الشخصي | الشهاوي، مجدي محمد |
| علاقة الشخص بالعمل/ دوره | مؤلف. |
| 245 10 - بيان العنوان | |
| العنوان | قراءة النجوم والحظ والطالع بين الحقيقة والخرافة / |
| بيان المسؤولية | تأليف مجدي محمد الشهاوي. |
| 264 1# - بيانات النشر، التوزيع…إلخ | |
| مكان النشر، التوزيع...إلخ | القاهرة : |
| اسم الناشر، الموزع...إلخ | مكتبة القرآن للطبع والنشر والتوزيع، |
| تاريخ النشر، التوزيع...إلخ | 1989. |
| 300 ## - الوصف المادي | |
| عدد الوحدات المكونة للوعاء | 142 صفحة. |
| 650 17 - مدخل إضافي بالموضوع - مصطلح موضوعي | |
| مصطلح موضوعي أو اسم جغرافي كعنصر مدخل | علم التنجيم. |
| 942 ## - بيانات إضافية (كوها) | |
| نوع التنصيف | Dewey Decimal Classification |
| نوع المادة (كوها) | Books |
| حالة السحب | حالة الفقدان | مصدر التصنيف | حالة التلف | غير قابل للإعارة | المكتبة الرئيسية | المكتبة الحالية | موقع الرف | تاريخ التزويد | الرقم المتسلسل | Total Checkouts | رقم الإستدعاء | الباركود | تاريخ آخر ظهور | تاريخ الفاتورة | نوع المادة (كوها) |
|---|---|---|---|---|---|---|---|---|---|---|---|---|---|---|---|
| Dewey Decimal Classification | المكتبة المركزية | المكتبة المركزية | الإعارة | 12/07/2004 | 321757 | 133.5 / م ج د | 321757 | 28/07/2025 | 12/07/2004 | Books |